MARC

LEADER 00000nam0a2200000 4500
001 362466
005 20231102011507.0
035 |a (RuTPU)RU\TPU\retro\19812 
090 |a 362466 
100 |a 20210727d1980 m y0rusy50 ca 
101 0 |a rus 
102 |a UA 
105 |a y z 001zy 
200 1 |a Очерки методики обучения устной речи на иностранных языках  |f под ред. В. А. Бухбиндера 
210 |a Киев  |c Вища школа  |d 1980 
215 |a 248 с. 
320 |a Библиогр.: с. 234-240 
320 |a Предм. указ.: с. 241-245 
606 1 |a Иностранные языки  |x Методика преподавания  |2 stltpush  |3 (RuTPU)RU\TPU\subj\12658  |9 39408 
610 1 |a обучение 
610 1 |a устная речь 
610 1 |a лингвистические модели 
610 1 |a коммуникативная дидактика 
610 1 |a грамматические навыки 
610 1 |a лексические навыки 
686 |a Ш12-9  |v LBC/SL-A  |2 rubbk 
702 1 |a Бухбиндер  |b В. А.  |4 340 
801 1 |a RU  |b 63413507  |c 20210727 
942 |c BK